Normal view
MARC view
Entry Personal Name
001 - CONTROL NUMBER
- control field: 45684
003 - CONTROL NUMBER IDENTIFIER
- control field: ARRUPE
005 - DATE AND TIME OF LATEST TRANSACTION
- control field: 20190402090451.0
008 - FIXED-LENGTH DATA ELEMENTS
- fixed length control field: 190402|| aca||aabn | a|a d
040 ## - CATALOGING SOURCE
- Original cataloging agency: ARRUPE
- Transcribing agency: ARRUPE
100 ## - HEADING--PERSONAL NAME
- Personal name: Cooper, D. G.
- Fuller form of name: (David Graham),
- Dates associated with a name: 1931-1986.
670 ## - SOURCE DATA FOUND
- Source citation: Work cat.: (ARRUPE)0: Cooper, D. G. (David Graham), 1931-1986., The language of madness /, 1980.